| 000 | 01019nas a2200349 4500 | ||
|---|---|---|---|
| 001 | BR2011007834 | ||
| 003 | BR-BrBNA | ||
| 005 | 20231205115819.0 | ||
| 007 | ta | ||
| 008 | 230509b bl.|||p| |||| 00| 00por d | ||
| 040 |
_aBR-BrBNA _bpor _cBiblioteca Nacional de Agricultura |
||
| 041 | _a(Pt) | ||
| 072 | _aL70 | ||
| 100 | 1 | _aPelizzari, C. | |
| 100 | 1 | _aRaiser, A.G. | |
| 100 | 1 | _aMazzani, A. | |
| 100 | 1 | _aSalbego, F.Z. | |
| 100 | 1 | _aFestugatto, R. | |
| 100 | 1 | _aBeckmann, D.V. | |
| 100 | 1 | _aCunha, M.G.M.C.M. da | |
| 100 | 1 | _aSantos, R.P. dos | |
| 100 | 1 | _aSerafin, G.M.C. | |
| 100 | 1 | _aMarques, J. de S. | |
| 100 | 1 | _aBaumhardt, R. | |
| 245 | 1 | _aDiferentes tempos de eletroestimulação neuromuscular (eenm)de média frequência (Kotz)em cães | |
| 650 | _aCÃO | ||
| 650 | _aVETERINÁRIA | ||
| 650 | _aBIOPSIA | ||
| 773 | 0 |
_tCiência Rural (Brazil) _xISSN 0103-8478 _g(Sep 2011), v. 41(9) p. 1593-1599 _wBR2011007834 |
|
| 909 |
_a202311 _bLúcia _c55 _dLúcia Elande |
||
| 942 |
_2AGRIS _n0 _cANA |
||
| 999 |
_c215829 _d215829 |
||